00341pab a2200109 454500008004000000100002100040245009200061260000900153300001000162650002600172773003300198180718b1983 xxu||||| |||| 00| 0 eng d aWhite, Christine aMass mobilisation and ideological transformation in the Vietnamese land reform compaign c1983 a74-90 aLand Tenure - Vietnam aJournal of Contemporary Asia